[Event "XXXVII Olimpiadi femminile"]
[Site "Torino ITA"]
[Date "2006.05.27"]
[Round "6.3"]
[White "Ambrosi, Eleonora"]
[Black "Perez Rodriguez, Jennifer"]
[Result "1/2-1/2"]
[WhiteElo "2136"]
[BlackElo "2263"]
[Annotator "ITA1-CUB"]
[PlyCount "123"]
[EventDate "2006.05.21"]

1. e4 e5 2. Nf3 Nc6 3. Bb5 f5 4. Nc3 Nf6 5. d3 d6 6. h3 Be7 7. O-O O-O 8. Bc4+
Kh8 9. Ng5 Qe8 10. exf5 Bxf5 11. Nge4 Qg6 12. Ng3 Bd7 13. Be3 Na5 14. Nd5 Nxd5
15. Bxd5 Bg5 16. Be4 Qh6 17. Bxg5 Qxg5 18. d4 exd4 19. Qxd4 Nc6 20. Qd5 Qxd5
21. Bxd5 Nd4 22. c3 Bc6 23. Bxc6 Nxc6 24. Rae1 Rae8 25. Rxe8 Rxe8 26. Rd1 Kg8
27. Kf1 Kf7 28. Re1 Rxe1+ 29. Kxe1 Ne5 30. Ke2 d5 31. b3 c5 32. Ke3 g5 33. Ne2
Ng6 34. g3 Kf6 35. Nc1 Kf5 36. Nd3 b6 37. b4 Ne5 38. Ne1 Nc4+ 39. Kd3 Nd6 40.
f3 h5 41. Ke3 Nc4+ 42. Ke2 Ne5 43. Nc2 Nc6 44. bxc5 bxc5 45. Ke3 Ke5 46. Ne1
d4+ 47. cxd4+ cxd4+ 48. Kd3 h4 49. gxh4 gxh4 50. Ng2 Nb4+ 51. Kd2 Nxa2 52. Nxh4
Nb4 53. Ng6+ Kf5 54. Ne7+ Kf4 55. h4 a5 56. h5 Kg5 57. h6 Kxh6 58. Nf5+ Kg5 59.
Nxd4 Kf4 60. Kc3 Ke3 61. Nc2+ Kxf3 62. Nxb4 1/2-1/2

[Event "XXXVII Olimpiadi femminile"]
[Site "Torino ITA"]
[Date "2006.05.27"]
[Round "6.1"]
[White "Repkova, Eva"]
[Black "Ciuksyte, Dagne"]
[Result "1-0"]
[WhiteElo "2346"]
[BlackElo "2423"]
[Annotator "SVK-LTU"]
[PlyCount "45"]
[EventDate "2006.05.21"]

1. e4 c5 2. Nf3 e6 3. d4 cxd4 4. Nxd4 a6 5. Nc3 Qc7 6. g3 Nf6 7. Bg2 Nc6 8. O-O
Bc5 9. Nxc6 dxc6 10. Na4 Be7 11. e5 Nd7 12. Re1 O-O 13. Bf4 b5 14. Nc3 Bb7 15.
Ne4 Rfd8 16. Qh5 Re8 17. Rad1 Qc8 18. Bg5 h6 19. Bxh6 gxh6 20. Rxd7 Qxd7 21.
Qxh6 f5 22. exf6 Bb4 23. c3 1-0

[Event "XXXVII Olimpiadi femminile"]
[Site "Torino ITA"]
[Date "2006.05.27"]
[Round "6.2"]
[White "Daulyte, Deimante"]
[Black "Pokorna, Regina"]
[Result "0-1"]
[WhiteElo "2230"]
[BlackElo "2338"]
[Annotator "SVK-LTU"]
[PlyCount "98"]
[EventDate "2006.05.21"]

1. e4 e5 2. Nf3 Nc6 3. Bb5 a6 4. Ba4 Nf6 5. O-O Be7 6. Re1 b5 7. Bb3 d6 8. c3
O-O 9. h3 Na5 10. Bc2 c5 11. d4 Qc7 12. Nbd2 cxd4 13. cxd4 Nc6 14. d5 Nb4 15.
Bb1 a5 16. Nf1 Bd7 17. Bd2 Na6 18. Bc2 Rfc8 19. Rc1 Bd8 20. Ng3 Qb7 21. Nh2 Bb6
22. Ng4 Nxg4 23. hxg4 Bd4 24. b3 Qb6 25. Be3 Bxe3 26. Rxe3 Nb4 27. a3 Na2 28.
Ra1 Nc3 29. Qf3 Nxd5 30. exd5 Rxc2 31. Nf5 Bxf5 32. Qxf5 Rac8 33. Rf3 Qc7 34.
Rh3 g6 35. Qd3 Rc1+ 36. Rxc1 Qxc1+ 37. Kh2 Qf4+ 38. Qg3 Rc2 39. Qxf4 exf4 40.
Rf3 g5 41. g3 fxg3+ 42. Kxg3 Rd2 43. Rf5 h6 44. Kf3 Kg7 45. Ke4 Ra2 46. Kd3
Rxa3 47. Kc2 a4 48. bxa4 Rxa4 49. f3 Rf4 0-1

[Event "XXXVII Olimpiadi femminile"]
[Site "Torino ITA"]
[Date "2006.05.27"]
[Round "6.3"]
[White "Borosova, Zuzana"]
[Black "Batyte, Daiva"]
[Result "1-0"]
[WhiteElo "2210"]
[BlackElo "2170"]
[Annotator "SVK-LTU"]
[PlyCount "53"]
[EventDate "2006.05.21"]

1. e4 b6 2. d4 Bb7 3. Bd3 Nf6 4. f3 Nc6 5. Be3 e5 6. d5 Ne7 7. Ne2 Ng6 8. Qd2
c6 9. c4 Be7 10. Nbc3 Qc7 11. Ng3 Nh4 12. Bg5 Ng8 13. Nh5 h6 14. Nxg7+ Kf8 15.
Bxe7+ Nxe7 16. Nh5 Neg6 17. Qf2 Qd8 18. g3 Qg5 19. Be2 Qxh5 20. f4 Nf3+ 21.
Bxf3 Qh3 22. f5 Ne7 23. Ne2 Nxf5 24. Ng1 cxd5 25. Nxh3 dxe4 26. Bh5 Nd6 27. Qf6
1-0

[Event "XXXVII Olimpiadi femminile"]
[Site "Torino ITA"]
[Date "2006.05.27"]
[Round "6.1"]
[White "Zhao, Xue"]
[Black "Radziewicz, Iweta"]
[Result "1-0"]
[WhiteElo "2423"]
[BlackElo "2439"]
[Annotator "CHN-POL"]
[PlyCount "99"]
[EventDate "2006.05.21"]

1. d4 g6 2. c4 Bg7 3. Nf3 c5 4. d5 d6 5. e4 e6 6. Nc3 Ne7 7. Bd3 a6 8. a4 exd5
9. cxd5 Bg4 10. h3 Bxf3 11. Qxf3 Nd7 12. Qd1 O-O 13. O-O Ne5 14. Bc2 f5 15. Ne2
Qe8 16. Nf4 g5 17. Ne6 f4 18. Nxf8 Bxf8 19. Bd3 Nxd3 20. Qxd3 Ng6 21. Qe2 Ne5
22. Ra3 Bg7 23. Bd2 Qg6 24. b4 c4 25. f3 Rc8 26. b5 axb5 27. axb5 Qe8 28. Rb1
Nd7 29. Bc3 Bxc3 30. Rxc3 Nb6 31. Qa2 Qe5 32. Rbc1 Qd4+ 33. Kh2 Qc5 34. Ra3 h5
35. Rac3 Ra8 36. Qe2 Rc8 37. h4 gxh4 38. Qd2 Rf8 39. Qe1 Qd4 40. Qxh4 Rf7 41.
Qd8+ Kh7 42. Qxd6 Qf2 43. R3c2 Qd4 44. Qe6 Rg7 45. Qf5+ Kg8 46. Qxf4 Nxd5 47.
Qb8+ Kh7 48. exd5 Qh4+ 49. Kg1 Qd4+ 50. Kh1 1-0

[Event "XXXVII Olimpiadi femminile"]
[Site "Torino ITA"]
[Date "2006.05.27"]
[Round "6.3"]
[White "Hou, Yifan"]
[Black "Majdan, Joanna"]
[Result "1-0"]
[WhiteElo "2298"]
[BlackElo "2297"]
[Annotator "CHN-POL"]
[PlyCount "133"]
[EventDate "2006.05.21"]

1. e4 c5 2. Nf3 d6 3. d4 cxd4 4. Nxd4 Nf6 5. Nc3 a6 6. f4 e5 7. Nf3 Nbd7 8. a4
Be7 9. Bd3 O-O 10. O-O Nc5 11. Kh1 d5 12. Nxe5 Ncxe4 13. Nxe4 dxe4 14. Bc4 Qxd1
15. Rxd1 Ng4 16. Nxg4 Bxg4 17. Re1 Rfd8 18. Be3 Rac8 19. Bb3 Bh4 20. g3 Be7 21.
Kg1 Kf8 22. Kf2 Rc6 23. Rac1 b5 24. axb5 axb5 25. Ra1 f5 26. Ra7 Bd1 27. Rb7 b4
28. Kg1 g6 29. Ba4 Ra6 30. Bb5 Rf6 31. Rc7 h6 32. c3 Bb3 33. Bd4 Re6 34. Ra1 e3
35. Re1 bxc3 36. bxc3 Rd5 37. Bd7 Rxd7 38. Rxd7 e2 39. Kf2 Bd1 40. Rc7 g5 41.
Bc5 Bxc5+ 42. Rxc5 Rf6 43. Rc7 g4 44. c4 Rd6 45. Rc5 Rd3 46. Rxf5+ Kg7 47. Re5
Rf3+ 48. Kg2 Rc3 49. c5 Kg6 50. h3 gxh3+ 51. Kxh3 Rc4 52. Kg2 h5 53. Rg5+ Kh6
54. Rh1 e1=Q 55. Rxe1 Rc2+ 56. Kf1 Bg4 57. Re8 Rc1+ 58. Kf2 Kh7 59. Re7+ Kh6
60. Reg7 Rc2+ 61. Ke3 Bf5 62. Rf7 Bg4 63. Rf8 Kh7 64. Rf7+ Kh6 65. Rc7 Rc3+ 66.
Kd4 Rxg3 67. Rcg7 1-0

[Event "XXXVII Olimpiadi femminile"]
[Site "Torino ITA"]
[Date "2006.05.27"]
[Round "6.1"]
[White "Khurtsidze, Nino"]
[Black "Skripchenko, Almira"]
[Result "0-1"]
[WhiteElo "2426"]
[BlackElo "2423"]
[Annotator "GEO-FRA"]
[PlyCount "78"]
[EventDate "2006.05.21"]

1. d4 d5 2. c4 e6 3. Nc3 c6 4. Nf3 dxc4 5. a4 Bb4 6. e3 b5 7. Bd2 a5 8. axb5
Bxc3 9. Bxc3 cxb5 10. b3 Bb7 11. bxc4 b4 12. Bb2 Nf6 13. Bd3 O-O 14. Qc2 Nbd7
15. O-O Qc7 16. Ne5 Nxe5 17. dxe5 Nd7 18. Bxh7+ Kh8 19. Be4 Nc5 20. Bxb7 Qxb7
21. Rfd1 Rfc8 22. Rd4 Kg8 23. Rh4 g6 24. e4 Rd8 25. Rf1 Qe7 26. Rh3 a4 27. Qc1
Qf8 28. Qg5 Rd3 29. Rxd3 Nxd3 30. Bd4 b3 31. h4 Qd8 32. Qe3 Nb4 33. Bc5 Nc2 34.
Qg3 Qc7 35. Bd6 Qxc4 36. h5 Qxf1+ 37. Kxf1 b2 38. hxg6 b1=Q+ 39. Ke2 Nd4+ 0-1

[Event "XXXVII Olimpiadi femminile"]
[Site "Torino ITA"]
[Date "2006.05.27"]
[Round "6.3"]
[White "Javakhishvili, Lela"]
[Black "Milliet, Sophie"]
[Result "1-0"]
[WhiteElo "2410"]
[BlackElo "2330"]
[Annotator "GEO-FRA"]
[PlyCount "101"]
[EventDate "2006.05.21"]

1. d4 d5 2. c4 c6 3. Nf3 Nf6 4. Nc3 a6 5. c5 Nbd7 6. Bf4 Nh5 7. Bd2 Nhf6 8. Rc1
e5 9. Nxe5 Nxe5 10. dxe5 Ng4 11. Na4 Nxe5 12. Bc3 f6 13. e3 Bf5 14. Be2 Be7 15.
O-O O-O 16. b4 Qe8 17. Bd4 Qg6 18. Bh5 Qh6 19. Nb2 g6 20. Be2 Bd8 21. a4 Bc7
22. f4 Nd7 23. b5 axb5 24. axb5 Ra3 25. b6 Be5 26. fxe5 fxe5 27. e4 Bxe4 28.
Rxf8+ Nxf8 29. Bf2 Qg5 30. Bf1 Ne6 31. h4 Qf5 32. Ra1 Rc3 33. Rc1 Ra3 34. Ra1
Rc3 35. Be1 Re3 36. Qd2 Rb3 37. Nc4 Nd4 38. Qh6 Qf8 39. Qxf8+ Kxf8 40. Nxe5 Nc2
41. Rc1 d4 42. Bf2 Ke7 43. Bc4 Rc3 44. Bxd4 Rg3 45. Bf2 Rxg2+ 46. Kf1 Rh2 47.
Nxc6+ Kf6 48. Na5 Rh1+ 49. Bg1 Rxh4 50. c6 Bxc6 51. Rxc2 1-0

[Event "XXXVII Olimpiadi femminile"]
[Site "Torino ITA"]
[Date "2006.05.27"]
[Round "6.1"]
[White "Paehtz, Elisabeth"]
[Black "Reizniece, Dana"]
[Result "1/2-1/2"]
[WhiteElo "2438"]
[BlackElo "2287"]
[Annotator "GER-LAT"]
[PlyCount "98"]
[EventDate "2006.05.21"]

1. e4 c5 2. Nf3 Nc6 3. c3 e6 4. d4 d5 5. exd5 exd5 6. Bb5 Bd6 7. dxc5 Bxc5 8.
O-O Nge7 9. Nbd2 O-O 10. Nb3 Bd6 11. Bd3 h6 12. Nfd4 Ne5 13. Be2 a6 14. f4 Nd7
15. Be3 Nf6 16. Bd3 Re8 17. Qf3 Bg4 18. Qf2 Bd7 19. h3 Qc7 20. Rae1 Ne4 21. Qf3
Nc6 22. Nxc6 bxc6 23. c4 a5 24. cxd5 cxd5 25. Rc1 Qb7 26. Bd4 a4 27. Na1 Bf8
28. Rfd1 Rac8 29. Kh2 Rxc1 30. Rxc1 Qb8 31. Nc2 Bd6 32. g3 Bb5 33. Bxe4 Rxe4
34. Re1 Rxe1 35. Nxe1 Bc4 36. a3 Qb5 37. Qe3 Be2 38. Ng2 Bd3 39. Bc3 Be4 40.
Qd4 f6 41. Qd1 Bc5 42. h4 d4 43. Bd2 Qxb2 44. Qxa4 Bxg2 45. Qc4+ Kh8 46. Qxc5
Qxd2 47. Qc8+ Kh7 48. Qf5+ Kg8 49. Qc8+ Kh7 1/2-1/2

[Event "XXXVII Olimpiadi femminile"]
[Site "Torino ITA"]
[Date "2006.05.27"]
[Round "6.3"]
[White "Juergens, Vera"]
[Black "Berzina, Ilze"]
[Result "1/2-1/2"]
[WhiteElo "2330"]
[BlackElo "2278"]
[Annotator "GER-LAT"]
[PlyCount "147"]
[EventDate "2006.05.21"]

1. d4 d5 2. c4 e6 3. Nf3 c6 4. Qc2 dxc4 5. Qxc4 b5 6. Qc2 Bb7 7. Bg5 Qb6 8. e4
Nd7 9. Nbd2 c5 10. a4 a6 11. axb5 axb5 12. Rxa8+ Bxa8 13. Be2 Ngf6 14. O-O Bb7
15. Rc1 e5 16. Nxe5 Nxe5 17. dxe5 Nd7 18. Be3 Be7 19. b4 O-O 20. bxc5 Qc6 21.
Qb2 Ba6 22. f3 Rc8 23. Nb3 Qe6 24. f4 Qg6 25. f5 Qc6 26. Bd3 Qc7 27. Bd4 Bg5
28. Ra1 Nb8 29. g3 Rd8 30. Qf2 Bb7 31. h4 Be7 32. f6 Bf8 33. c6 Qxc6 34. fxg7
Bxg7 35. Rf1 Qd7 36. Kh2 Nc6 37. Bxb5 Qe7 38. Bc5 Qe6 39. Bxc6 Bxc6 40. Nd4 Qd7
41. Nxc6 Qxc6 42. Qxf7+ Kh8 43. Bd6 Qxe4 44. Qf4 Qd5 45. h5 h6 46. Rf2 Rc8 47.
Qf7 Qd1 48. Qf3 Qd4 49. Qf4 Qd1 50. Qf3 Qd4 51. Ra2 Bxe5 52. Bxe5+ Qxe5 53. Re2
Qg5 54. g4 Rd8 55. Kg2 Kg7 56. Qb7+ Kg8 57. Qb3+ Kg7 58. Qc3+ Kg8 59. Qc4+ Kg7
60. Qe6 Rd2 61. Rxd2 Qxd2+ 62. Kf3 Qc3+ 63. Ke4 Qe1+ 64. Kd5 Qa5+ 65. Kd6 Qb6+
66. Kd7 Qb7+ 67. Kd6 Qb6+ 68. Ke5 Qe3+ 69. Kd5 Qb3+ 70. Ke5 Qe3+ 71. Kd6 Qb6+
72. Ke7 Qb4+ 73. Qd6 Qxd6+ 74. Kxd6 1/2-1/2

[Event "XXXVII Olimpiadi femminile"]
[Site "Torino ITA"]
[Date "2006.05.27"]
[Round "6.1"]
[White "Maric, Alisa"]
[Black "Nguyen, Thi Thanh An"]
[Result "0-1"]
[WhiteElo "2415"]
[BlackElo "2317"]
[Annotator "SCG-VIE"]
[PlyCount "74"]
[EventDate "2006.05.21"]

1. Nf3 g6 2. d4 Bg7 3. g3 c5 4. d5 d6 5. Bg2 Nf6 6. O-O O-O 7. c4 e5 8. Nc3 Na6
9. Ne1 Ng4 10. e4 Nc7 11. Nd3 Bd7 12. h3 Nh6 13. f4 f6 14. fxe5 fxe5 15. a4
Rxf1+ 16. Qxf1 Qe7 17. Be3 Nf7 18. Kh2 Bh6 19. Bg1 Rf8 20. Nb5 Ne8 21. Nxa7 Nf6
22. Qe2 Nh5 23. Nb5 Nxg3 24. Kxg3 Bf4+ 25. Nxf4 exf4+ 26. Kh2 Ne5 27. Ra3 Qh4
28. Bf2 Qh6 29. Kg1 f3 30. Bxf3 Bxh3 31. Bg3 Qc1+ 32. Kh2 Bf1 33. Qe1 Qh6+ 34.
Kg1 Nxf3+ 35. Rxf3 Rxf3 36. Bf2 Bxc4 37. Nxd6 Rh3 0-1

[Event "XXXVII Olimpiadi femminile"]
[Site "Torino ITA"]
[Date "2006.05.27"]
[Round "6.2"]
[White "Hoang, Thi Bao Tram"]
[Black "Chelushkina, Irina"]
[Result "0-1"]
[WhiteElo "2349"]
[BlackElo "2320"]
[Annotator "SCG-VIE"]
[PlyCount "172"]
[EventDate "2006.05.21"]

1. e4 c5 2. Nc3 Nc6 3. g3 g6 4. Bg2 Bg7 5. Nge2 d6 6. d3 e5 7. f4 Nge7 8. O-O
O-O 9. Be3 Nd4 10. Qd2 Bg4 11. h3 Be6 12. Kh2 Rb8 13. Nd1 Nxe2 14. Qxe2 exf4
15. Bxf4 Nc6 16. Qd2 h5 17. Bg5 Qd7 18. Nc3 Ne5 19. Rf2 f6 20. Bf4 Nf7 21. Raf1
Rbe8 22. Be3 b6 23. Qc1 Qd8 24. Bd2 Kh7 25. Qd1 Rh8 26. Re1 Kg8 27. Ne2 Ne5 28.
Nf4 Bf7 29. Ref1 Qd7 30. b3 b5 31. Bc1 b4 32. Bb2 a5 33. d4 cxd4 34. Bxd4 Qc7
35. Rd2 h4 36. g4 d5 37. Kh1 dxe4 38. Re2 g5 39. Nh5 Rxh5 40. gxh5 Bxh5 41.
Bxe4 Qd7 42. Bf5 Qb7+ 43. Kg1 Bxe2 44. Qxe2 Qd5 45. Be3 Nf7 46. Qf2 Nd6 47. Bd3
Kh8 48. Bd4 Ne4 49. Qe3 Nd6 50. Qf2 Ne4 51. Qe3 Rd8 52. Bb6 Re8 53. Qf3 g4 54.
Qxg4 Bh6 55. Bc4 Qd6 56. Ba7 Bg5 57. Rd1 Qg3+ 58. Qxg3 hxg3 59. Kg2 Nc3 60. Rf1
Nxa2 61. Kxg3 Nc3 62. Bb6 Ne4+ 63. Kg4 Nd2 64. Ra1 Nxc4 65. bxc4 Re4+ 66. Kf5
Rxc4 67. Rxa5 Kg7 68. Rb5 Kf7 69. Bc7 Rxc7 70. Rxb4 Rc5+ 71. Kg4 Rxc2 72. h4
Be3 73. Ra4 Rd2 74. Ra6 Bd4 75. Rd6 Bc3 76. Rc6 Be5 77. Ra6 Kg6 78. Ra8 Rg2+
79. Kf3 Rg3+ 80. Kf2 Rh3 81. Rh8 Kf5 82. Kg2 Rg3+ 83. Kf2 Rb3 84. Kg2 Kf4 85.
Rg8 Rb2+ 86. Kg1 Kf3 0-1

[Event "XXXVII Olimpiadi femminile"]
[Site "Torino ITA"]
[Date "2006.05.27"]
[Round "6.3"]
[White "Benderac, Ana"]
[Black "Le, Thanh Tu"]
[Result "1/2-1/2"]
[WhiteElo "2293"]
[BlackElo "2239"]
[Annotator "SCG-VIE"]
[PlyCount "57"]
[EventDate "2006.05.21"]

1. d4 Nf6 2. Nf3 c5 3. e3 d5 4. c3 e6 5. Bd3 Nc6 6. O-O Bd6 7. Nbd2 O-O 8. dxc5
Bxc5 9. e4 e5 10. exd5 Nxd5 11. Ne4 Be7 12. Ng3 f5 13. Bc4 Be6 14. Re1 e4 15.
Ng5 Bxg5 16. Bxg5 Qxg5 17. Bxd5 Qg6 18. Bxe6+ Qxe6 19. Qb3 Qxb3 20. axb3 Rad8
21. Red1 g6 22. Kf1 Kf7 23. Ne2 a6 24. b4 Rfe8 25. Rac1 Kf6 26. Nf4 Ke5 27. Ne2
Kf6 28. Nf4 Ke5 29. Ne2 1/2-1/2

[Event "XXXVII Olimpiadi femminile"]
[Site "Torino ITA"]
[Date "2006.05.27"]
[Round "6.1"]
[White "Petrenko, Svetlana"]
[Black "Klinova, Masha"]
[Result "0-1"]
[WhiteElo "2334"]
[BlackElo "2357"]
[Annotator "MDA-ISR"]
[PlyCount "54"]
[EventDate "2006.05.21"]

1. e4 d6 2. d4 g6 3. Bc4 Bg7 4. Qf3 e6 5. Ne2 Nc6 6. c3 Nge7 7. Bg5 O-O 8. Nd2
e5 9. d5 Nb8 10. g4 h6 11. Be3 c6 12. dxc6 bxc6 13. Bb3 a5 14. Nc4 Be6 15. Nb6
Ra6 16. Na4 Qc8 17. Rg1 Nd7 18. Bxe6 fxe6 19. Qg3 c5 20. g5 h5 21. Qh3 d5 22.
c4 d4 23. Bd2 Qc6 24. Qa3 Qxe4 25. Nxc5 Nxc5 26. Qxc5 Nf5 27. Kf1 Qf3 0-1

[Event "XXXVII Olimpiadi femminile"]
[Site "Torino ITA"]
[Date "2006.05.27"]
[Round "6.2"]
[White "Igla, Bella"]
[Black "Partac, Elena"]
[Result "1-0"]
[WhiteElo "2288"]
[BlackElo "2095"]
[Annotator "MDA-ISR"]
[PlyCount "89"]
[EventDate "2006.05.21"]

1. d4 Nf6 2. c4 e6 3. Nc3 Bb4 4. Qc2 O-O 5. Bg5 b6 6. e4 h6 7. Bh4 d6 8. f3 e5
9. a3 Bxc3+ 10. Qxc3 Nbd7 11. Ne2 c6 12. dxe5 dxe5 13. Bf2 Qe7 14. Ng3 Nc5 15.
b4 Nb7 16. c5 a5 17. bxa5 b5 18. a4 Rxa5 19. axb5 Rxa1+ 20. Qxa1 Rd8 21. Qc3
Qd7 22. Be2 cxb5 23. O-O Qc7 24. Bxb5 Be6 25. Rc1 Na5 26. Nf5 Bxf5 27. exf5 Nd5
28. Qa3 Nf4 29. Bf1 Nc6 30. g3 Nd5 31. Qa4 Nf6 32. Kg2 Nd4 33. c6 Nxf5 34. Qa7
Qd6 35. c7 Rc8 36. Ba6 Ne7 37. Bxc8 Nxc8 38. Qb8 Qa6 39. Rd1 e4 40. fxe4 Kh7
41. Rd8 Qe2 42. Rxc8 Ng4 43. Rh8+ Kg6 44. Qb6+ f6 45. c8=Q 1-0

[Event "XXXVII Olimpiadi femminile"]
[Site "Torino ITA"]
[Date "2006.05.27"]
[Round "6.3"]
[White "Agababean, Naira"]
[Black "Botvinnik, Irina"]
[Result "1-0"]
[WhiteElo "2200"]
[BlackElo "2211"]
[Annotator "MDA-ISR"]
[PlyCount "99"]
[EventDate "2006.05.21"]

1. d4 d5 2. Bg5 Nd7 3. e3 Ngf6 4. Nf3 e6 5. Be2 Bd6 6. c4 c6 7. Nc3 b6 8. O-O
Bb7 9. Rc1 O-O 10. a3 Qb8 11. Bxf6 Nxf6 12. h3 a5 13. Nd2 Bc7 14. cxd5 exd5 15.
Re1 Qd8 16. Nf1 Re8 17. Bd3 Qd6 18. Qc2 Re7 19. Red1 Rae8 20. Rb1 g6 21. Rdc1
Kg7 22. b4 axb4 23. axb4 Nd7 24. Qb2 f5 25. b5 Nf6 26. bxc6 Bxc6 27. Bb5 Bd7
28. Bxd7 Qxd7 29. Nb5 Bb8 30. Qc2 Re6 31. g3 h5 32. Nc7 Bxc7 33. Qxc7 R8e7 34.
Qxd7 Rxd7 35. Rb5 Ne4 36. Kg2 Nf6 37. Nd2 Ra7 38. Rc2 g5 39. Nf3 g4 40. Ne5 Rd6
41. Rcb2 Ra6 42. Nd3 Rc6 43. Nf4 Rc1 44. Rxb6 Raa1 45. Ne2 Rc7 46. h4 Ne4 47.
Nf4 Rcc1 48. Rb7+ Kg8 49. Rb8+ Kf7 50. R2b7+ 1-0

[Event "XXXVII Olimpiadi femminile"]
[Site "Torino ITA"]
[Date "2006.05.27"]
[Round "6.1"]
[White "Zsiltzova-Lisenko, Lubov"]
[Black "Luna, Raisa"]
[Result "1-0"]
[WhiteElo "2263"]
[BlackElo "1974"]
[Annotator "IBCA-BOL"]
[PlyCount "99"]
[EventDate "2006.05.21"]

1. e4 c5 2. Nf3 d6 3. d4 cxd4 4. Nxd4 Nf6 5. Nc3 a6 6. f4 e6 7. Qf3 Qc7 8. Be3
b5 9. Bd3 Bb7 10. g4 h6 11. O-O-O Nbd7 12. h4 Nc5 13. g5 b4 14. gxf6 bxc3 15.
b3 gxf6 16. f5 Qa5 17. Kb1 e5 18. Ne2 Qb4 19. Bxc5 Qxc5 20. Nxc3 Rc8 21. Bc4
Qb4 22. Qd3 Rc7 23. Rhg1 Kd7 24. Nd5 Bxd5 25. Qxd5 Rxc4 26. Qxf7+ Kc6 27. Qxc4+
Qxc4 28. bxc4 Kc5 29. Rd5+ Kxc4 30. Rg3 Be7 31. Kb2 Rb8+ 32. Rb3 Rb5 33. Rbxb5
axb5 34. c3 h5 35. Kc2 Bf8 36. Rd1 Be7 37. Rd2 Bf8 38. Rd1 Be7 39. Rb1 Bd8 40.
Rb4+ Kc5 41. Kd3 Ba5 42. Rb1 Bd8 43. Rg1 d5 44. Rg8 Ba5 45. Rh8 dxe4+ 46. Kxe4
Bxc3 47. Rxh5 Bd2 48. Rh8 Kb4 49. h5 Ka3 50. h6 1-0

[Event "XXXVII Olimpiadi femminile"]
[Site "Torino ITA"]
[Date "2006.05.27"]
[Round "6.2"]
[White "Ramirez, Maria Eugenia"]
[Black "Stolarczyk, Anna"]
[Result "1/2-1/2"]
[WhiteElo "1940"]
[BlackElo "2036"]
[Annotator "IBCA-BOL"]
[PlyCount "250"]
[EventDate "2006.05.21"]

1. e4 c5 2. c3 d5 3. exd5 Qxd5 4. d4 Nf6 5. Be3 cxd4 6. Qxd4 Nc6 7. Qa4 Bd7 8.
Nd2 e5 9. Qb3 Be7 10. Ngf3 Qxb3 11. Nxb3 Ng4 12. Bc5 b6 13. Bxe7 Kxe7 14. h3
Nh6 15. Bc4 Rhd8 16. O-O-O Nf5 17. Ng5 f6 18. Ne4 Be6 19. Ba6 Rab8 20. Bb5 Rbc8
21. Rxd8 Nxd8 22. Rd1 Nf7 23. Bd3 Nh4 24. g3 Nf3 25. Ba6 Rc7 26. Rd3 N3g5 27.
Nxg5 Nxg5 28. g4 h5 29. h4 Ne4 30. f3 Ng3 31. Rd2 hxg4 32. fxg4 Bc4 33. Rg2
Ne2+ 34. Rxe2 Bxa6 35. Re4 Bb7 36. Ra4 Bc6 37. Rb4 Rb7 38. Nd2 a5 39. Rc4 Kd6
40. b4 Bd5 41. bxa5 Bxc4 42. Nxc4+ Kc5 43. Nxb6 Ra7 44. Na4+ Kc4 45. Kd2 Rxa5
46. Nb2+ Kd5 47. a4 Kc5 48. Ke3 Kd5 49. c4+ Ke6 50. h5 Ra8 51. Ke4 Rd8 52. a5
Rd2 53. Nd3 Re2+ 54. Kf3 Ra2 55. a6 Kd6 56. c5+ Kc7 57. g5 fxg5 58. Nxe5 Rxa6
59. Kg4 Ra5 60. Nd3 Ra3 61. Ne5 Re3 62. Kf5 Re2 63. Ng4 Rc2 64. Kxg5 Rxc5+ 65.
Kg6 Kd6 66. Ne3 Ke6 67. Ng2 Rc7 68. Nf4+ Ke5 69. Nh3 Rc3 70. Ng5 Rg3 71. h6
gxh6 72. Kxh6 Kf5 73. Nh7 Rg6+ 74. Kh5 Rg7 75. Kh6 Rf7 76. Ng5 Ra7 77. Nh7 Rb7
78. Ng5 Rb2 79. Nf3 Rf2 80. Nd4+ Kf6 81. Kh5 Ra2 82. Nf3 Ra4 83. Nh4 Rf4 84.
Ng2 Rf3 85. Nh4 Rg3 86. Kh6 Rh3 87. Kh5 Rg3 88. Kh6 Rg8 89. Kh5 Rh8+ 90. Kg4
Rh6 91. Nf3 Rh8 92. Kf4 Re8 93. Nd2 Rb8 94. Ne4+ Ke6 95. Ng5+ Kd5 96. Ke3 Rb4
97. Nf3 Ra4 98. Nd2 Ke5 99. Nf3+ Kd5 100. Nd2 Ra3+ 101. Kf4 Rd3 102. Nf3 Rb3
103. Nd2 Rb4+ 104. Ke3 Ra4 105. Nf3 Re4+ 106. Kd3 Rg4 107. Ke3 Ra4 108. Nd2 Ke5
109. Nf3+ Kf5 110. Nd4+ Kg4 111. Kd3 Kf4 112. Ne6+ Ke5 113. Nc5 Rd4+ 114. Kc3
Kd5 115. Nb3 Rh4 116. Nd2 Rh3+ 117. Kb4 Rd3 118. Nb3 Rd1 119. Kc3 Rh1 120. Nd2
Rh3+ 121. Kb4 Rh4+ 122. Kc3 Rd4 123. Nb3 Ra4 124. Nd2 Kc5 125. Nb3+ Kd5 1/2-1/2

[Event "XXXVII Olimpiadi femminile"]
[Site "Torino ITA"]
[Date "2006.05.27"]
[Round "6.1"]
[White "Dembo, Yelena"]
[Black "Peng, Zhao Qin"]
[Result "1/2-1/2"]
[WhiteElo "2464"]
[BlackElo "2395"]
[Annotator "GRE-NED"]
[PlyCount "113"]
[EventDate "2006.05.21"]

1. e4 e6 2. d4 d5 3. Nd2 c5 4. Ngf3 Nf6 5. e5 Nfd7 6. c3 Nc6 7. Bd3 Be7 8. O-O
a6 9. Re1 g5 10. Nf1 g4 11. N3d2 h5 12. f4 cxd4 13. Nb3 dxc3 14. bxc3 Nc5 15.
Nxc5 Bxc5+ 16. Kh1 Bd7 17. Qe2 Qc7 18. Rb1 Ne7 19. Nd2 Nf5 20. Nf1 b5 21. Bxf5
exf5 22. Be3 h4 23. Bd4 Be6 24. Ne3 Be7 25. Rf1 h3 26. g3 Qd7 27. Qd3 Rg8 28.
Rf2 Kf8 29. Kg1 Rg6 30. Rfb2 Qc8 31. Qd1 Kg8 32. a4 bxa4 33. Qxa4 Kh7 34. Qa5
Rg8 35. Rb7 Re8 36. Rc7 Bd8 37. Rxc8 Bxa5 38. Rxe8 Rxe8 39. Ra1 Bc7 40. Rxa6
Rb8 41. Rc6 Rb7 42. Kf2 Kg8 43. Ke1 Kf8 44. Kd1 Ke8 45. Kc2 Bd8 46. Ra6 Rb8 47.
Ra4 Kd7 48. Ra6 Bc7 49. Ra7 Kc6 50. Ra6+ Kb5 51. Ra1 Rc8 52. Rb1+ Kc6 53. Ra1
Rb8 54. Ra6+ Kd7 55. Ra7 Kc8 56. Ra6 Rb5 57. Ra8+ 1/2-1/2

[Event "XXXVII Olimpiadi femminile"]
[Site "Torino ITA"]
[Date "2006.05.27"]
[Round "6.2"]
[White "Bosboom-Lanchava, Tea"]
[Black "Botsari, Anna-Maria"]
[Result "1-0"]
[WhiteElo "2380"]
[BlackElo "2341"]
[Annotator "GRE-NED"]
[PlyCount "53"]
[EventDate "2006.05.21"]

1. d4 d5 2. Nf3 Nc6 3. c4 Bg4 4. Nc3 e6 5. cxd5 exd5 6. Bf4 Bd6 7. Bg3 Bxf3 8.
gxf3 h5 9. e3 h4 10. Bxd6 Qxd6 11. Bh3 Nge7 12. Qd2 Na5 13. O-O Rd8 14. Kh1 Kf8
15. Rg1 Qb4 16. b3 Rh6 17. Qd3 a6 18. Rac1 Rdd6 19. Na4 Rc6 20. Nc5 Kg8 21. e4
Rcg6 22. Rge1 dxe4 23. Rxe4 Nac6 24. d5 Qa3 25. Qb1 Nxd5 26. Ra4 Nf4 27. Bg4
1-0

[Event "XXXVII Olimpiadi femminile"]
[Site "Torino ITA"]
[Date "2006.05.27"]
[Round "6.3"]
[White "Fakhiridou, Ekaterini"]
[Black "Schuurman, Petra"]
[Result "1-0"]
[WhiteElo "2292"]
[BlackElo "2258"]
[Annotator "GRE-NED"]
[PlyCount "71"]
[EventDate "2006.05.21"]

1. e4 c6 2. d4 d5 3. Nc3 dxe4 4. Nxe4 Bf5 5. Nc5 Qc8 6. Bd3 Bxd3 7. Nxd3 Nf6 8.
Nf3 e6 9. O-O Bd6 10. Qe2 O-O 11. Nfe5 Nbd7 12. Bf4 Qc7 13. c4 c5 14. dxc5 Nxc5
15. Nxc5 Qxc5 16. Rfe1 Rac8 17. b3 Bb8 18. Qf3 b5 19. Rac1 bxc4 20. bxc4 Qa5
21. Re2 Qa6 22. Rec2 Rc5 23. Qe2 Rfc8 24. Bg3 Qa5 25. Nd3 R5c6 26. Bxb8 Rxb8
27. c5 Rbc8 28. h3 Nd5 29. Qe4 f6 30. Qc4 Rb8 31. Re2 Qa6 32. Qd4 Qc8 33. Rce1
Kh8 34. f4 Qg8 35. Qa4 Rbc8 36. Qxa7 1-0

[Event "XXXVII Olimpiadi femminile"]
[Site "Torino ITA"]
[Date "2006.05.27"]
[Round "6.1"]
[White "Medic, Mirjana"]
[Black "Geldyeva, Mekhri"]
[Result "0-1"]
[WhiteElo "2239"]
[BlackElo "2274"]
[Annotator "CRO-TKM"]
[PlyCount "126"]
[EventDate "2006.05.21"]

1. d4 d5 2. Nf3 Nf6 3. e3 Bg4 4. c4 e6 5. Nc3 Be7 6. Qb3 b6 7. Ne5 c6 8. cxd5
exd5 9. Nxg4 Nxg4 10. Be2 Nf6 11. O-O O-O 12. Bf3 Bd6 13. Qc2 Re8 14. g3 Nbd7
15. Bd2 Rc8 16. Rae1 Nf8 17. Bg2 Qd7 18. e4 dxe4 19. Nxe4 Be7 20. Bc3 Nd5 21.
Re2 Qf5 22. Rfe1 h5 23. Qc1 Ne6 24. Nd2 h4 25. Re5 Qg6 26. Be4 Qh6 27. Qd1 hxg3
28. hxg3 Bg5 29. Bxd5 cxd5 30. Nf3 Red8 31. Kg2 Bf6 32. R5e3 Qg6 33. Rh1 Rc4
34. Ne5 Bxe5 35. Rxe5 b5 36. Qd2 Rc6 37. Qe3 Qg4 38. Rh4 Qd1 39. Reh5 f6 40.
Ba5 Rd7 41. Rh8+ Kf7 42. Bb4 Rc4 43. Bc5 Rc2 44. Re8 Re2 45. Qf3 Rxf2+ 46. Qxf2
Kxe8 47. Rh1 Qg4 48. Rh4 Qg6 49. Qe2 Kf7 50. Qxb5 Qc2+ 51. Kg1 Nxc5 52. Qxc5
Qb1+ 53. Kg2 Qxb2+ 54. Kh3 Qxa2 55. Rh8 Qe2 56. Qc8 Qe6+ 57. Kh2 Kg6 58. Re8
Qf5 59. Kg2 Rd6 60. Qc5 Rb6 61. Re2 Rb1 62. Qc2 Qxc2 63. Rxc2 Rd1 0-1